Holiday Quiz

Random Holiday or Quote Quiz
Score 0/10 Timer 03:00
0 Plays Today
% Correct
Joan Rivers
66.7%
Woody Allen
60.1%
Dalai Lama
56.8%
LL Cool J
46.5%
Garrison Keillor
42.6%
John F. Kennedy
40.7%
Alice Walker
25.3%
Ralph Waldo Emerson
24.7%
Robert Louis Stevenson
16%
James Allen
10.6%

You're not logged in!

Compare scores with friends on all Sporcle quizzes.
OR
Log In

Sporcle TV

Today on Sporcle TV


Watch our educational content, quiz creation guides, and fun videos on Sporcle TV.

Show Comments

Extras

Top Quizzes Today


Score Distribution

Paid Content

Your Account Isn't Verified!

In order to create a playlist on Sporcle, you need to verify the email address you used during registration. Go to your Sporcle Settings to finish the process.

Report this User

Report this user for behavior that violates our Community Guidelines.

Details: